<?xml version="1.0" encoding="UTF-8"?><collection xmlns="info:lc/xmlns/marcxchange-v2"><record format="Unimarc" type="bibliographic"><leader>00735cam  2200241   450 </leader><controlfield tag="001">1978156</controlfield><controlfield tag="003">http://id.bnportugal.gov.pt/bib/porbase/1978156</controlfield><controlfield tag="005">20030519161200.0</controlfield><datafield ind1=" " ind2=" " tag="010"><subfield code="a">0-582-44194-3</subfield></datafield><datafield ind1=" " ind2=" " tag="035"><subfield code="4">97812</subfield></datafield><datafield ind1=" " ind2=" " tag="095"><subfield code="a">PTBN00700642</subfield></datafield><datafield ind1=" " ind2=" " tag="100"><subfield code="a">19931220d1979    k  y0pory0103    ba</subfield></datafield><datafield ind1="0" ind2=" " tag="101"><subfield code="a">eng</subfield></datafield><datafield ind1=" " ind2=" " tag="102"><subfield code="a">GB</subfield></datafield><datafield ind1="1" ind2=" " tag="200"><subfield code="a">&lt;A &gt;short course in general relativity</subfield><subfield code="f">J. Foster, J. D. Nightingale</subfield></datafield><datafield ind1=" " ind2=" " tag="210"><subfield code="a">London</subfield><subfield code="c">Longman</subfield><subfield code="d">1979</subfield></datafield><datafield ind1=" " ind2=" " tag="215"><subfield code="a">XV, 192 p.</subfield><subfield code="c">il</subfield></datafield><datafield ind1="2" ind2=" " tag="225"><subfield code="a">Longman mathematical texts</subfield></datafield><datafield ind1=" " ind2=" " tag="675"><subfield code="a">530.12</subfield><subfield code="v">BN</subfield><subfield code="z">por</subfield><subfield code="3">294432</subfield></datafield><datafield ind1="0" ind2="1" tag="700"><subfield code="a">Foster</subfield><subfield code="b">J.</subfield><subfield code="3">573037</subfield></datafield><datafield ind1=" " ind2="1" tag="701"><subfield code="a">Nightingale</subfield><subfield code="b">J. D.</subfield><subfield code="4">070</subfield><subfield code="3">997957</subfield></datafield><datafield ind1=" " ind2="0" tag="801"><subfield code="a">PT</subfield><subfield code="b">BN</subfield><subfield code="g">RPC</subfield></datafield><datafield ind1=" " ind2=" " tag="977"><subfield code="1">530.12 FOS</subfield><subfield code="2">coop</subfield><subfield code="4">UCDF</subfield><subfield code="6">mq801158</subfield><subfield code="7">bc</subfield><subfield code="8">coop</subfield><subfield code="9">UCDF</subfield><subfield code="b">63280</subfield><subfield code="k">0</subfield></datafield><datafield ind1=" " ind2=" " tag="977"><subfield code="1">BGUM1 530.12</subfield><subfield code="2">coop</subfield><subfield code="4">UMSD</subfield><subfield code="6">Seq00023435</subfield><subfield code="7">bc</subfield><subfield code="8">COOP</subfield><subfield code="9">UMSD</subfield><subfield code="b">23435</subfield><subfield code="k">0</subfield></datafield><datafield ind1=" " ind2=" " tag="998"><subfield code="a">CDF9-1577</subfield></datafield></record></collection>